000 00714nam a2200205Ia 4500
003 GCL
008 140319s9999 xx 000 0 ara d
040 _aGCL /
_cGCL
082 0 4 _a364.125
_bع ت
100 1 _aعبدالحميد الشواربى
_vPurified
_@
…هذب
245 1 0 _aالتلبس بالجريمة فى ضوء القضاء و الفقه /
_cعبدالحميد الشواربى
260 _a[S.N] :
_bمنشاة المعارف الاسلامية ،
_c1988
300 _a101 ص
490 _aالكتب القانونية
_v0
650 0 4 _aالقانون
650 0 4 _aمصر
650 0 4 _aقانون الاجراءات الجنائية
650 0 4 _aالجريمة
942 _2ddc
_cBK
999 _c54077
_d54077